00722nam a2200241 a 4500001001300000003000900013005001700022008004100039020001000080082002100090100002000111245005100131260003300182300000800215500003500223505002000258650003100278700002000309902000800329942000700337952012100344999001500465nice12345678IN_TiNIC20260116011402.0050524s1963 laha grp 000 0 eng  ac10000a305.8095491bALA aAlamzeb, Naseem aProblems of Our Youthb Collection of Speeches aLahorebMeezan Pu. Ltdc1963 a19p aincludes index and biblioraphy2 aEpilogue, Notes aPakistan-Social Conditions1 aAlamzeb, Naseem bSRS cBK 001040708StackRoom-aHMIbHMId2007-03-29g100.00l0o305.8095491 ALAp03190r2007-03-29v100.00w2005-05-24yBK c1068d1068